Where Did These 2022-2023 Players Play Before Joining Bayern Munich - Statistics

General Stats
  • This quiz has been taken 138 times
  • The average score is 22 of 33
Answer Stats
Player Nationality Position Year Joined Answer % Correct
Manuel Neuer Germany GK 2011 Schalke 04
98%
Matthijs de Ligt Netherlands DF 2022 Juventus
92%
Yann Sommer Switzerland GK 2023 Borussia Monchengladbach
88%
Sadio Mane Senegal FW 2022 Liverpool
86%
João Cancelo(On loan at Bayern) Portugal DF 2023 Manchester City
86%
Dayot Upamecano France DF 2021 RB Leipzig
86%
Leroy Sane Germany FW 2020 Manchester City
83%
Daley Blind Netherlands DF 2023 Ajax
81%
Ryan Gravenberch Netherlands MF 2022 Ajax
80%
Marcel Sabitzer Austria MF 2021 RB Leipzig
78%
Leon Goretzka Germany MF 2018 Schlake 04
76%
Noussair Mazraoui Morocco DF 2022 Ajax
75%
Lucas Hernandez France DF 2019 Atletico Madrid
75%
Kingsley Coman France FW 2015 Juventus
75%
Benjamin Pavard France DF 2019 VFB Stuttgart
75%
Eric Maxim Choupo-Moting Cameroon FW 2020 Paris Saint-Germain
74%
Thomas Müller Germany FW 2008 Bayern(Academy)
68%
Jamal Musiala Germany MF 2020 Bayern(Academy)
65%
Joshua Kimmich Germany MF 2015 RB Leipzig
65%
Alexander Nübel Germany GK 2020 Schalke 04
61%
Serge Gnabry Germany FW 2017 Werder Bremen
60%
Arijon Ibrahimović Germany FW 2022 Bayern(Academy)
57%
Paul Wanner Germany MF 2022 Bayern(Academy)
56%
Gabriel Vidović Croatia MF 2021 Bayern(Academy)
56%
Alphonso Davies Canada DF 2018 Vancouver Whitecaps
56%
Josip Stanišić Croatia DF 2019 Bayern(Academy)
55%
Malik Tillman USA FW 2020 Bayern(Academy)
55%
Johannes Schenk Germany GK 2022 Bayern(Academy)
54%
Bright Arrey-Mbi Germany DF 2020 Bayern(Academy)
54%
Sven Ulreich Germany GK 2021 Hamburg
48%
Bouna Sarr Senegal DF 2020 Marseille
48%
Mathys Tel France FW 2022 Rennes
40%
Sarpreet Singh New Zealand MF 2019 Wellington Pheonix
7%
No matching quizzes found
Score Distribution
Percent of People with Each Score
Percentile by Number Answered
Your Score History
You have not taken this quiz